Estudios de Derecho Romano /

Guardado en:
Autor Principal: Gallegos García, Miguel
Formato: Desconocido
Idioma:Spanish
Publicado: Buenos Aires : Universidad Nacional del Comahue, Departamento de Publicaciones, 1998.
Edición:2a. ed. aum.
Series:Serie cátedra
Materias:
Etiquetas: Agregar Etiqueta
Sin Etiquetas, Sea el primero en etiquetar este registro!
LEADER 00548nac a22001695a 4500
001 DER.der000373
008 180615i1998####ag#||||||||||||||#||spa||
005 20250212101733.0
245 1 0 |a Estudios de Derecho Romano /  |c Miguel Gallegos García 
250 |a 2a. ed. aum. 
260 |a Buenos Aires :  |b Universidad Nacional del Comahue, Departamento de Publicaciones,  |c 1998. 
300 |a 80 p. 
490 1 |a Serie cátedra 
020 |a 9879556615 
100 1 |a Gallegos García, Miguel 
650 7 |a DERECHO ROMANO 
859 |a DERECHO  |b BIB. DERECHO  |h 340.52  |i GAL  |p 000176